000 00374nam a22001577a 4500
003 OSt
005 20240419145200.0
008 240419b |||||||| |||| 00| 0 eng d
040 _cMRSPTU
100 _aAjeet Cour (अजीत कौर)
245 _aGauri (गौरी)
250 _a1st
260 _aNew Delhi
_bKitabghar
_c1996
300 _a96
942 _2ddc
_cBK
_n0
999 _c10119
_d10119